Countries that visit Scotland the most - Statistics

General Stats
  • This quiz has been taken 66 times
  • The average score is 9 of 10
Answer Stats
# Country % Correct
318,000 France
98%
205,000 Spain
98%
492,000 United States
98%
451,000 Germany
95%
131,000 Canada
93%
268,000 Italy
92%
121,000 Sweden
84%
106,000 Norway
79%
172,000 Netherlands
77%
172,000 Australia
70%
No matching quizzes found
Score Distribution
Percent of People with Each Score
Percentile by Number Answered
Your Score History
You have not taken this quiz